Principles and practice of psychiatric nursing / (Record no. 19304)
[ view plain ]
| 000 -LEADER | |
|---|---|
| fixed length control field | 00912cam a2200277 a 4500 |
| 001 - CONTROL NUMBER | |
| control field | 17229141 |
| 005 - DATE AND TIME OF LATEST TRANSACTION | |
| control field | 20150506150251.0 |
| 008 - FIXED-LENGTH DATA ELEMENTS--GENERAL INFORMATION | |
| fixed length control field | 120326t2013 moua frb 001 0 eng d |
| 020 ## - INTERNATIONAL STANDARD BOOK NUMBER | |
| International Standard Book Number | 9780323091145 (pbk. : alk. paper) |
| 040 ## - CATALOGING SOURCE | |
| Original cataloging agency | DNLM/DLC |
| Transcribing agency | DLC |
| Modifying agency | DLC |
| -- | EG-ScBUE |
| 082 00 - DEWEY DECIMAL CLASSIFICATION NUMBER | |
| Classification number | 616.890231 |
| Edition number | 22 |
| Item number | STU |
| 100 1# - MAIN ENTRY--PERSONAL NAME | |
| Personal name | Stuart, Gail Wiscarz, |
| Dates associated with a name | 1949- |
| 9 (RLIN) | 37875 |
| 245 10 - TITLE STATEMENT | |
| Title | Principles and practice of psychiatric nursing / |
| Statement of responsibility, etc | Gail Wiscarz Stuart. |
| 246 30 - VARYING FORM OF TITLE | |
| Title proper/short title | Psychiatric nursing |
| 250 ## - EDITION STATEMENT | |
| Edition statement | 10th ed. |
| 260 ## - PUBLICATION, DISTRIBUTION, ETC. (IMPRINT) | |
| Place of publication, distribution, etc | Missouri : |
| Name of publisher, distributor, etc | Elsevier Saunders, |
| Date of publication, distribution, etc | c.2013. |
| 300 ## - PHYSICAL DESCRIPTION | |
| Extent | xvi, 816 p. : |
| Other physical details | ill. (col.) ; |
| Dimensions | 29 cm. |
| 500 ## - GENERAL NOTE | |
| General note | Index : p. 787-816. |
| 504 ## - BIBLIOGRAPHY, ETC. NOTE | |
| Bibliography, etc | Includes bibliographical references. |
| 650 #7 - SUBJECT ADDED ENTRY--TOPICAL TERM | |
| Topical term or geographic name as entry element | Mental Disorders |
| General subdivision | nursing. |
| Source of heading or term | BUEsh |
| 9 (RLIN) | 10239 |
| 650 #7 - SUBJECT ADDED ENTRY--TOPICAL TERM | |
| Topical term or geographic name as entry element | Psychiatric Nursing |
| General subdivision | methods. |
| Source of heading or term | BUEsh |
| 9 (RLIN) | 10238 |
| 651 ## - SUBJECT ADDED ENTRY--GEOGRAPHIC NAME | |
| Source of heading or term | BUEsh |
| 653 ## - INDEX TERM--UNCONTROLLED | |
| Resource For college | Nursing |
| Arrived date list | May2015 |
| 655 ## - INDEX TERM--GENRE/FORM | |
| Form subdivision | |
| -- | 34232 |
| 942 ## - ADDED ENTRY ELEMENTS (KOHA) | |
| Source of classification or shelving scheme | Dewey Decimal Classification |
| Withdrawn status | Item status | Source of classification or shelving scheme | Damaged status | Not for loan | Vendor | Home library | Current library | Shelving location | Date acquired | Source of acquisition | Cost, normal purchase price | Serial Enumeration / chronology | Total Checkouts | Total Renewals | Full call number | Barcode | Date last seen | Date last borrowed | Cost, replacement price | Koha item type |
|---|---|---|---|---|---|---|---|---|---|---|---|---|---|---|---|---|---|---|---|---|
| Dewey Decimal Classification | Alahram | Central Library | Central Library | First floor | 06/05/2015 | 660.00 | 321 | 4 | 14 | 616.890231 STU | 000038159 | 15/07/2025 | 04/06/2023 | 825.00 | Book - Borrowing |